Central Library OPAC University of Rajshahi

غبار خاطر : قلعۂ احمدنگر کى اسىرى (از 19 اگست 42 تا 15 جون 1945) کے زمانے کى بعضى تحرىرات / G̲h̲ubār-i k̲h̲āt̤ir : Qilʻah-yi Aḥmadnagar kī asīrī (az 19 Agast 42 tā 15 Jūn 1945) ke zamāne kī baʻẓī taḥrīrāt / (Record no. 83438)

MARC details
000 -LEADER
fixed length control field 01070nam a2200229 a 4500
001 - CONTROL NUMBER
control field 83438
003 - CONTROL NUMBER IDENTIFIER
rucl marc code BD-RjUL
005 - DATE AND TIME OF LATEST TRANSACTION
control field 20250430103337.0
008 - FIXED-LENGTH DATA ELEMENTS--GENERAL INFORMATION
fixed length control field 240321s1974 ii |||||||||||||||||urd d
035 ## - SYSTEM CONTROL NUMBER
System control number (BD-RjUL)83438
040 ## - CATALOGING SOURCE
Original cataloging agency NNL
Language of cataloging ara
Transcribing agency BD-RjUL
041 0# - LANGUAGE CODE
Language code of text/sound track or separate title urd
082 ## - DEWEY DECIMAL CLASSIFICATION NUMBER
Edition number 23
Classification number 954.092
Author mark and year AZG 1974
100 1# - MAIN ENTRY--PERSONAL NAME
Personal name آزاد، ابو الكلام،
Dates associated with a name 1888-1958
9 (RLIN) 12474
245 10 - TITLE STATEMENT
Title غبار خاطر : قلعۂ احمدنگر کى اسىرى (از 19 اگست 42 تا 15 جون 1945) کے زمانے کى بعضى تحرىرات / G̲h̲ubār-i k̲h̲āt̤ir : Qilʻah-yi Aḥmadnagar kī asīrī (az 19 Agast 42 tā 15 Jūn 1945) ke zamāne kī baʻẓī taḥrīrāt /
Statement of responsibility, etc. از ابوالكلام آزاد ؛ مرتبه مالك رام. Abūlkalām Āzād martabah Malik Ram
260 ## - PUBLICATION, DISTRIBUTION, ETC. (IMPRINT)
Place of publication, distribution, etc. نئى دلى :
Name of publisher, distributor, etc. ساهتيه اكادمى،
Date of publication, distribution, etc. 1974.
300 ## - PHYSICAL DESCRIPTION
Pagination 308 p. ص.
Size 18 cm
650 ## - SUBJECT ADDED ENTRY--TOPICAL TERM
Topical term or geographic name as entry element Personal correspondence Statesmen
9 (RLIN) 12475
Topical term or geographic name as entry element Statesmen India Correspondence
9 (RLIN) 12476
700 1# - ADDED ENTRY--PERSONAL NAME
Personal name Ram, Malik ;; رام، مالك
942 ## - ADDED ENTRY ELEMENTS (KOHA)
Source of classification or shelving scheme Dewey Decimal Classification
Koha item type Books
Holdings
Lost status Source of classification or shelving scheme Damaged status Not for loan Collection code Permanent Location Current Location Shelving location Date acquired Source of acquisition Full call number Date last seen Copy number Koha item type Cost, normal purchase price Date checked out Total Checkouts
  Dewey Decimal Classification   Not For Loan Non-fiction Central Library, University of Rajshahi Central Library, University of Rajshahi Reading Room 27/03/1968 Kegan poul U 954.092 AZG 1974 21/03/2024 C-1 Books      
  Dewey Decimal Classification     Non-fiction Central Library, University of Rajshahi Central Library, University of Rajshahi General Stacks 09/05/1969 S.H .mubarak ali ; Lahore 954.092 AZG 1974   C-2 Books 4.50    
  Dewey Decimal Classification     Non-fiction Central Library, University of Rajshahi Central Library, University of Rajshahi General Stacks 27/03/1968 Kegan poul U 954.092 AZG 1974 21/03/2024 C-3 Books      
  Dewey Decimal Classification     Non-fiction Central Library, University of Rajshahi Central Library, University of Rajshahi General Stacks 27/03/1968 Kegan poul U 954.092 AZG 1974 21/03/2024 C-4 Books      
  Dewey Decimal Classification     Non-fiction Central Library, University of Rajshahi Central Library, University of Rajshahi General Stacks 30/04/2025   U 954.092 AZG 1974 30/04/2025 C-5 Books 5.00    
  Dewey Decimal Classification     Non-fiction Central Library, University of Rajshahi Central Library, University of Rajshahi General Stacks 27/08/2025   U 954.092 AZG 1962 27/08/2025 C-6 Books